Normal view
MARC view
- Berg, Bruce L.
Entry Personal Name
001 - CONTROL NUMBER
- control field: 30600
003 - CONTROL NUMBER IDENTIFIER
- control field: NUST
005 - DATE AND TIME OF LATEST TRANSACTION
- control field: 20200923100231.0
008 - FIXED-LENGTH DATA ELEMENTS
- fixed length control field: 200923|| aca||aabn | a|a d
040 ## - CATALOGING SOURCE
- Original cataloging agency: NUST
- Transcribing agency: NUST
100 ## - HEADING--PERSONAL NAME
- Personal name: Berg, Bruce L.
- Fuller form of name: (Bruce Lawrence),
- Dates associated with a name: 1954-
670 ## - SOURCE DATA FOUND
- Source citation: Work cat.: (NUST)0: Berg, Bruce L. (Bruce Lawrence), 1954- author., Qualitative research methods for the social sciences /
